Polscy skoczkowie narciarscy według roku urodzenia - Statystyki

Ogólne statystyki
  • Ten quiz został rozwiązany 37 razy
  • Średni wynik to 17 z 37
Statystyki odpowiedzi
Rok Skoczkowie narciarscy % Poprawnych
2007 Kacper Tomasiak
97%
1990 Dawid Kubacki | Jakub Kot
94%
1987 Kamil Stoch | Piotr Żyła
94%
1991 Maciej Kot | Krzysztof Miętus | Andrzej Zapotoczny | Jan Ziobro
94%
1995 Jakub Wolny | Adam Ruda | Andrzej Stękała
84%
1994 Klemens Murańka | Aleksander Zniszczoł | Krzysztof Biegun | Stanisław Biela
84%
1999 Bartosz Czyż | Paweł Wąsek
81%
1977 Adam Małysz | Marek Gwóźdź
78%
1986 Mateusz Rutkowski | Krzysztof Styrczula | Stefan Hula
69%
1958 Piotr Fijas | Stanisław Pawlusiak | Jan Łoniewski | Henryk Tajner
66%
2000 Tomasz Pilch | Jarosław Krzak
63%
2003 Jan Habdas
59%
2005 Klemens Joniak
59%
1983 Paweł Kruczek | Tomasz Pochwała | Tomisław Tajner | Rafał Śliż
59%
1993 Grzegorz Miętus | Tomasz Byrt | Bartłomiej Kłusek
53%
1988 Dawid Kowal | Łukasz Rutkowski
50%
1982 Marcin Bachleda | Maciej Maciusiak | Grzegorz Śliwka
50%
1974 Robert Mateja | Stanisław Styrczula
50%
1960 Tadeusz Fijas | Jacek Gąsienica-Mracielnik
50%
1981 Mariusz Macias | Grzegorz Sobczyk | Daniel Bachleda
47%
1976 Wojciech Skupień | Robert Zygmuntowicz
47%
2001 Kacper Juroszek
44%
1956 Stanisław Bobak
44%
2002 Adam Niżnik
38%
1975 Łukasz Kruczek
38%
1996 Krzysztof Leja | Przemysław Kantyka
28%
1967 Jan Kowal | Zbigniew Klimowski
22%
1980 Krystian Długopolski | Andrzej Galica
22%
1962 Zbigniew Malik | Bogdan Zwijacz
22%
1959 Andrzej Kowalski
6%
1968 Bogdan Papierz | Jarosław Mądry
6%
1964 Tadeusz Bafia
6%
1969 Alojzy Moskal
3%
1973 Andrzej Młynarczyk
3%
1961 Janusz Duda
3%
1957 Juliusz Szoblik
3%
1978 Marcin Sitarz
3%
Nie znaleziono quizów pasujących do podanych kryteriów
Rozkład punktacji
Procent ludzi z każdym wynikiem
Percentyl według liczby udzielonych odpowiedzi
Twoja historia wyników
Nie rozwiązałeś tego quizu